Central Library OPAC University of Rajshahi
Normal view MARC view

Entry Personal Name

Number of records used in: 8

001 - CONTROL NUMBER

  • control field: 2078

003 - CONTROL NUMBER IDENTIFIER

  • control field: BD-RjUL

005 - DATE AND TIME OF LATEST TRANSACTION

  • control field: 20220327171104.0

008 - FIXED-LENGTH DATA ELEMENTS

  • fixed length control field: 220327|| aca||aabn | a|a d

040 ## - CATALOGING SOURCE

  • Original cataloging agency: BD-RjUL
  • Transcribing agency: BD-RjUL

100 ## - HEADING--PERSONAL NAME

  • Personal name: Kabir, Md. Humayun

670 ## - SOURCE DATA FOUND

  • Source citation: Work cat.: (BD-RjUL)79619: Kabir, Md. Humayun, Science eduction at the secondary level in greater Khustia District - problems and prospect /, 2010